00799nam a2200205 i 450000100060000000300090000600500170001500700030003200800410003510000370007624501970011326000520031030000300036250000560039265100290044865100360047765100360051385200210054985200230057057532ES-MaACL20251115063236.0t|031016s1925 py ||||1| spa d1 aDomínguez, Manuel, d1869-193513aEl Chaco Boreal / cinforme del doctor Manuel Domínguez, miembro de la Comisión Asesora de Límites, que arruina las tesis bolivianas y expone los títulos del Paraguay sobre dicha zona. aAsunción : b[s.n.], c1925 (fImp. Nacional) a197 p. : bil. ; c26 cm. aExpone los títulos del Paraguay sobre dicha zona. 4aChaco Boreal-xHistoria. 4aParaguay-xFronteras-zBolivia. 4aBolivia-xFronteras-zParaguay. aES-MaACLjC-7113 aES-MaACLj1767-F-8